Southville International School and Colleges
Your cart is empty.
  • Cart
  • Lists
    Public lists Eva Luna New books Lux_list list_1
    Your lists Log in to create your own lists
  • Log in to your account
  • Your cookies
  • Search history
Southville International School and Colleges
  • Advanced search
  • Recent comments
  • Most popular
  • Libraries

Log in to your account

Log in with GOOGLE


If you do not have an external account, but do have a local account, you can still log in:

  1. Home
  2. MARC view: Managerial accounting :
Normal view MARC view ISBD view

Managerial accounting : (Record no. 39785)

[ view plain ]
MARC details
000 -LEADER
fixed length control field 00836nam a2200241 a 4500
005 - DATE AND TIME OF LATEST TRANSACTION
control field 20140311163043.0
008 - FIXED-LENGTH DATA ELEMENTS--GENERAL INFORMATION
fixed length control field 121025s19uu xx 00 eng d
020 ## - INTERNATIONAL STANDARD BOOK NUMBER
International Standard Book Number 9780538473477
050 ## - LIBRARY OF CONGRESS CALL NUMBER
Classification number HF 5657.4
Item number .M936 2012
100 ## - MAIN ENTRY--PERSONAL NAME
Personal name Mowen, Maryanne M.
245 ## - TITLE STATEMENT
Title Managerial accounting :
Remainder of title the cornerstone of business decisions /
Statement of responsibility, etc Maryanne M. Mowen, Don R. Hansen, Dan L. Heitger.
250 ## - EDITION STATEMENT
Edition statement 4th ed., International ed.
260 ## - PUBLICATION, DISTRIBUTION, ETC. (IMPRINT)
Place of publication, distribution, etc [Mason, Ohio ; Andover] :
Name of publisher, distributor, etc South-Western / Cengage Learning,
Date of publication, distribution, etc 2012.
300 ## - PHYSICAL DESCRIPTION
Extent 741 p. :
Other physical details ill. col. ;
Dimensions 28 cm.
500 ## - GENERAL NOTE
General note Previous ed.: 2009. Includes index.
521 ## - TARGET AUDIENCE NOTE
Target audience note
650 ## - SUBJECT ADDED ENTRY--TOPICAL TERM
Topical term or geographic name as entry element Managerial accounting
650 ## - SUBJECT ADDED ENTRY--TOPICAL TERM
Topical term or geographic name as entry element Managerial accounting
General subdivision Problems, exercises, etc
700 ## - ADDED ENTRY--PERSONAL NAME
Personal name Hansen, Don R.
700 ## - ADDED ENTRY--PERSONAL NAME
Personal name Heitger, Dan L.
942 ## - ADDED ENTRY ELEMENTS (KOHA)
Koha item type Books
Source of classification or shelving scheme Library of Congress Classification
Call number prefix Foreign
Holdings
Withdrawn status Lost status Source of classification or shelving scheme Damaged status Home library Current library Shelving location Date acquired Cost, normal purchase price Total Checkouts Full call number Barcode Date last seen Date checked out Copy number Price effective from Koha item type
    Library of Congress Classification   College Library College Library Reserve Section 10/25/2012 10200.00 2 HF 5657.4 .M936 2012 C15540 05/15/2018 07/27/2016 1 10/18/2013 Books

Managerial accounting :

APA

Mowen M. M., Hansen D. R. & Heitger D. L. (2012). Managerial accounting. [Mason, Ohio ; Andover]: South-Western / Cengage Learning.

Chicago

Mowen Maryanne M, Hansen Don R and Heitger Dan L. 2012. Managerial accounting. [Mason, Ohio ; Andover]: South-Western / Cengage Learning.

Harvard

Mowen M. M., Hansen D. R. and Heitger D. L. (2012). Managerial accounting. [Mason, Ohio ; Andover]: South-Western / Cengage Learning.

MLA

Mowen Maryanne M, Hansen Don R and Heitger Dan L. Managerial accounting. [Mason, Ohio ; Andover]: South-Western / Cengage Learning. 2012.

  • Place hold
  • Print
  • Cite
  • Add to your cart (remove)
  • Save record
    BIBTEX Dublin Core MARCXML MARC (non-Unicode/MARC-8) MARC (Unicode/UTF-8) MARC (Unicode/UTF-8, Standard) MODS (XML) RIS
  • More searches
    Search for this title in:
    Other Libraries (WorldCat) Other Databases (Google Scholar) Online Stores (Bookfinder.com) Open Library (openlibrary.org)

Exporting to Dublin Core...

SOUTHVILLE LIBRARY

Southville International School and Colleges Library

1281 Tropical Ave. Cor. Luxembourg St., BF Homes International, Las Pinas City

Tel. No. 8256374 / 252358 Loc. 117/146

Powered by Koha